| 000 | 00713nam a2200229 a 4500 | ||
|---|---|---|---|
| 005 | 20140310183334.0 | ||
| 008 | 060908s19uu xx 00 eng d | ||
| 020 | _a0335217036 | ||
| 050 |
_aHM 1033 _b.Aj59 2005 |
||
| 100 | _aAjzen, Icek | ||
| 245 |
_aAttitudes, personality and behavior / _cIcek Ajzen |
||
| 250 | _a2nd ed. | ||
| 260 |
_aEnglan : _bOpen University Press, _c2005. |
||
| 300 |
_a178 p. : _bill. ; _c24 cm. |
||
| 521 | _aPSYCH | ||
| 650 |
_aHuman behavior _xEffect of attitude (Psychology or). |
||
| 650 |
_aHuman behavior _xEffect of personality on. |
||
| 650 | _aPrediction (Psychology). | ||
| 650 |
_aSocial psychology _xHistory _x20th century. |
||
| 942 |
_cBK _2lcc _kFOR |
||
| 999 |
_c21642 _d21642 |
||